Understanding bacteria (Record no. 85329)

MARC details
000 -LEADER
fixed length control field 00582nam a2200193Ia 4500
008 - FIXED-LENGTH DATA ELEMENTS--GENERAL INFORMATION
fixed length control field 191130s1997##################000#0#eng##
020 ## - INTERNATIONAL STANDARD BOOK NUMBER
ISBN 9788181285645
082 ## - DEWEY DECIMAL CLASSIFICATION NUMBER
Classification number 579.3 SHE
100 ## - MAIN ENTRY--AUTHOR NAME
Personal name Srivastava
245 ## - TITLE STATEMENT
Title Understanding bacteria
Statement of responsibility, etc Srivastava
260 ## - PUBLICATION, DISTRIBUTION, ETC. (IMPRINT)
Place of publication New Delhi
Name of publisher [publisher not identified]
Year of publication 1997
300 ## - PHYSICAL DESCRIPTION
Number of Pages 1 videocassette (ca. 52 min.) : sd., col. ; 1/2 in. + teacher's guide ([4] p. ; 18 cm.)
500 ## - GENERAL NOTE
General note Includes index
650 ## - SUBJECT ADDED ENTRY--TOPICAL TERM
Topical Term Bacteria
991 ## -
-- 240019
Holdings
Withdrawn status Lost status Damaged status Not for loan Home library Current library Shelving location Date acquired Full call number Accession Number Price effective from Koha item type
        Anna Centenary Library Anna Centenary Library 5TH FLOOR, A WING 09.10.2020 579.3 SHE 325223 09.10.2020 English Books

Find us on the map